Gestión de proyectos y organizaciones : una mirada desde las tendencias modernas de gestión /

Bibliographic Details
Other Authors: Moreno-Monsalve, Nelson Antonio, 1978- (Editor), Grueso H., Merlin Patricia (Grueso Hinestroza) (Editor)
Format: Electronic eBook
Language:Spanish
Published: Bogotá D.C., Colombia : Ediciones EAN : Editorial Universidad del Rosario, [2024]
Edition:Primera edición.
Series:Dirección y gestión de proyectos (Ediciones EAN)
Subjects:
Online Access:Digitalia Hispánica

MARC

LEADER 00000nam a2200000 i 4500
001 DIGUEAN0023
003 NyNyDIG
007 cr |||||||||||
008 240809s2024 ck a ob 000 0 spa d
006 m o d
035 |a (OCoLC)1452350011 
040 |a DGITA  |b eng  |e rda  |e pn  |c DGITA 
020 |a 9789587567113  |q eBook  |q ePub 
020 |z 9789587567106 
024 7 |a 10.57793/9789587567106  |2 doi 
050 1 4 |a HD69.P75 ebook 
245 0 0 |a Gestión de proyectos y organizaciones :  |b una mirada desde las tendencias modernas de gestión /  |c editores académicos, Nelson Antonio Moreno-Monsalve, Merlin Patricia Grueso Hinestroza. 
250 |a Primera edición. 
264 1 |a Bogotá D.C., Colombia :  |b Ediciones EAN :  |b Editorial Universidad del Rosario,  |c [2024] 
300 |a 1 online resource :  |b illustrations. 
336 |a text  |b txt  |2 rdacontent 
337 |a computer  |b c  |2 rdamedia 
338 |a online resource  |b cr  |2 rdacarrier 
347 |a text file  |2 rdaft 
347 |b EPUB 
490 1 |a Dirección y gestión de proyectos 
504 |a Includes bibliographical references. 
588 0 |a Online resource; title from ePub title page (Digitalia, viewed August 9, 2024) 
650 0 |a Project management. 
650 0 |a Project management  |x Technological innovations. 
700 1 |a Moreno-Monsalve, Nelson Antonio,  |d 1978-  |e editor. 
700 1 |a Grueso H., Merlin Patricia  |q (Grueso Hinestroza),  |e editor. 
791 2 |a Digitalia (Firm),  |e distributor. 
793 0 |g Digitalia eBook Collection:  |a Universidad EAN 
776 0 8 |i Print version:  |t Gestión de proyectos y organizaciones.  |b Primera edición.  |d Bogotá D.C., Colombia : Ediciones EAN : Editorial Universidad del Rosario, [2024]  |z 9789587567106 
830 0 |a Dirección y gestión de proyectos (Ediciones EAN) 
856 4 0 |3 Digitalia Hispánica  |u https://www.digitaliapublishing.com/a/157316/ 
910 |a Premium collection: 2024